Z bohatej studnice ľudu Na hudobnom popoludní so zaslúžilým umelcom Tiborom Andrašovanom

Bibliographic Details
Main Authors: Andrašovan, Tibor, 1917-2001 (Author), Dubovcová, Dáša (Author)
Format: Article
Language:Slovak
Subjects:

MARC

LEADER 00000nab a2200000 a 4500
001 vtls000121674
003 SK-MaSNL
005 20260303032730.0
008 111104c1982 xo 0 slo
015 |a SNBRB19rr/mm-uuuuu 
035 |a CL0131779 
040 |a SNKBUCL  |b slo  |c SNKBUCL  |e AACR2 
041 0 |a slo 
044 |a xo  |c SK 
080 |a 78.071  |2 1981 
080 |a 929 Andrašovan, Tibor  |2 1981 
100 1 |a Andrašovan, Tibor,  |d 1917-2001  |4 aut  |9 118401 
245 1 0 |a Z bohatej studnice ľudu  |b Na hudobnom popoludní so zaslúžilým umelcom Tiborom Andrašovanom  |c Tibor Andrašovan, Dáša Dubovcová 
600 1 7 |a Andrašovan, Tibor,  |d 1917-2001  |2 snkbucl  |9 118401 
655 7 |a články z novín a časopisov  |2 snkbucl  |9 267496 
700 1 |a Dubovcová, Dáša  |4 aut  |9 1015703 
773 0 |t Smer  |g Roč. 34, č. 111 (12. 5. 1982), s. 4 
850 |a Slovenská národná knižnica v Martine  |a MTA001 
852 |a SNK  |b KIS3GCP 
958 |a RK 
992 |a RBX 
999 |c 1666449  |d 1668379